| 000 | 01108cam a2200229 4500 | ||
|---|---|---|---|
| 001 | L136581 | ||
| 008 | 070208n2005 000 0 eng u | ||
| 035 | _a(Sirsi) u136581 | ||
| 041 | 0 | _aeng | |
| 100 | 1 | _aLees, Mel | |
| 245 | 0 | 0 |
_aConstruction and the market for education supply in the United Kingdom _h[electronic resource] |
| 260 |
_aLondon _bRICS _c2005 |
||
| 490 | 0 |
_aCOBRA _v2005 |
|
| 520 | _aDiscusses extent to which the supply of new recruits to the United Kingdom construction industry can be considered to be a market that responds to normal market pressures. Considers the historical background and context to UK construction education, discussing the importance of part time and full time educational provision. | ||
| 651 | 4 |
_aUnited Kingdom _y |
|
| 690 | _aBUILT ENVIRONMENT | ||
| 690 | _aCAREERS, EDUCATION AND TRAINING | ||
| 700 | 1 | _aAshworth, Allan | |
| 711 | 2 |
_aConstruction and Building Research Conference _n(10th _d2005 _cBrisbane) |
|
| 856 | 4 | 0 |
_uhttps://www.rics.org/site/scripts/download_info.aspx?downloadID=2617 _zView the item free of charge at www.rics.org... |
| 942 | _n0 | ||
| 999 |
_c106443 _d106443 |
||